000 00403nam a2200145 a 4500
005 20140414132117.0
008 111026s19uu xx 00 eng d
020 _a9780439877558
050 _aM 597.8
_bB54 2008
100 _aBishop, Nic, 1955-
245 _aFrogs /
_cNic Bishop.
260 _aNew York :
_bScholastic Nonfiction,
_cc2008.
650 _aFrogs --
_xJuvenile literature.
999 _c114947
_d114947